| 000 | 00736nam0a22002411 4500 | ||
|---|---|---|---|
| 001 | rc\524459 | ||
| 005 | 20250621120504.0 | ||
| 010 |
_a5-7245-0045-0 _920700 |
||
| 035 | _a(NLR Aleph) 005763273 | ||
| 090 |
_a4961465 _c4961465 |
||
| 100 | _a20030616d1988 |||y0rusy50 ca | ||
| 101 | 0 | _arus | |
| 102 | _aRU | ||
| 105 | _aa ||||||||| | ||
| 200 | 1 |
_aЛабораторные приборы и оборудование из стекла и фарфора _eСправ. изд. |
|
| 210 |
_aМ. _cХимия _d1988 |
||
| 215 |
_a331, [1] с. _cил. _d22 |
||
| 700 | 1 |
_aПравдин _bП.В. _gПавел Васильевич |
|
| 801 | 0 |
_aRU _bNLR _gpsbo |
|
| 801 | 1 |
_aRU _bELAR _2rusmarc |
|
| 852 |
_aNLR _j88-5/3279 |
||
| 942 | _cBOOK | ||
| 980 | _aNB | ||